|
|
|
|
| LEADER |
01882nam a2200409 a 4500 |
| 001 |
000021893 |
| 003 |
CZ BrMZK |
| 005 |
20130204205637.0 |
| 008 |
950313s1994 xr f cze d |
| 015 |
|
|
|a cnb000101887
|
| 020 |
|
|
|a 80-900053-8-1
|
| 035 |
|
|
|a (OCoLC)36604537
|
| 040 |
|
|
|a BOA001
|b cze
|
| 080 |
|
|
|a 027:681.3.07
|2 MRF
|
| 080 |
|
|
|a 681.3.07:027
|2 MRF
|
| 100 |
1 |
|
|a Brožek, Aleš,
|d 1952-
|7 jn20010309352
|4 com
|
| 245 |
1 |
0 |
|a Přehled bází dat využitelných v knihovnách /
|c Sest. Aleš Brožek.
|
| 260 |
|
|
|a Brno :
|b Sdružení knihoven ČR,
|c 1994
|
| 300 |
|
|
|a 33 s.
|
| 490 |
1 |
|
|a Informační zdroje ;
|v Sv. 4
|
| 500 |
|
|
|a Dostupné též v digitalizované podobě v aplikaci Kramerius
|
| 653 |
0 |
|
|a databáze
|a knihovny
|
| 830 |
|
0 |
|a Informační zdroje (Sdružení knihoven ČR)
|0 s
|
| 856 |
4 |
1 |
|u http://www.digitalniknihovna.cz/mzk/uuid/uuid:531abbc0-1e64-11e2-bec6-005056827e51
|y Digitalizovaný dokument
|x NDK
|
| 910 |
|
|
|a BOA001
|b X2-1009.851
|b TK-A-0255.680
|b PK-N-0031.463
|
| 920 |
|
|
|a 000242108
|
| 920 |
|
|
|a 000022379
|
| 964 |
|
|
|a Knihovny
|x databáze
|x přehledy
|x využití
|
| 964 |
|
|
|a Databáze
|x přehledy
|x knihovny
|x využití
|
| 990 |
|
|
|a BK
|
| 991 |
|
|
|p NDK 2012/38
|
| 996 |
7 |
|
|b 2610022443
|c X2-1009.851
|l MZK
|r Sklad / do 24 hodin
|n 2
|p p.v.
|w 000021893
|u 000010
|a 1
|e BOA001
|j MZK50
|s A
|
| 996 |
6 |
|
|b 2610022444
|c X2-1009.851
|l MZK
|r Sklad / do 24 hodin
|n 1
|p p.v.
|w 000021893
|u 000020
|a 1
|e BOA001
|j MZK50
|s P
|
| 996 |
7 |
|
|b 2610022445
|c X2-1009.851
|l MZK
|r Sklad / do 24 hodin
|n 2
|p p.v.
|w 000021893
|u 000030
|a 1
|e BOA001
|j MZK50
|s A
|
| 996 |
7 |
|
|b 2620000851
|c TK-A-0255.680
|l MZK
|r Sklad / do 24 hodin
|n 0
|p dar
|w 000021893
|u 000050
|a 1
|e BOA001
|j MZK50
|s A
|
| 996 |
7 |
|
|b 2629960309
|c TK-A-0255.680
|l MZK
|r Sklad / do 24 hodin
|n 0
|w 000021893
|u 000040
|a 1
|e BOA001
|j MZK50
|s A
|
| 996 |
7 |
|
|b 3119904182
|c PK-N-0031.463
|l MZK
|r Sklad / do 1 hodiny
|n 0
|w 000021893
|u 000060
|a 1
|e BOA001
|j MZK50
|s A
|